Origin and history of Jats and other allied Nomadic tribes of India: 900 BC- 1947 AD (Record no. 163103)
[ view plain ]
| 000 -LEADER | |
|---|---|
| fixed length control field | 00418nam a2200145Ia 4500 |
| 008 - FIXED-LENGTH DATA ELEMENTS--GENERAL INFORMATION | |
| fixed length control field | 230917s9999||||xx |||||||||||||| ||und|| |
| 040 ## - CATALOGING SOURCE | |
| -- | 195930 |
| Original cataloging agency | VIVEKANANDA LIBRARY |
| 041 ## - Language | |
| -- | English |
| 082 ## - DDC NUMBER | |
| Classification number | 954.5 N582O |
| 100 ## - MAIN ENTRY--PERSONAL NAME | |
| Personal name | Nijjar, B S |
| 245 #0 - TITLE STATEMENT | |
| Title | Origin and history of Jats and other allied Nomadic tribes of India: 900 BC- 1947 AD |
| 260 ## - PUBLICATION, DISTRIBUTION, ETC. (IMPRINT) | |
| Place of publication, distribution, etc | New Delhi |
| Name of publisher, distributor, etc | Atlantic Publishers |
| Date of publication, distribution, etc | 2008 |
| 300 ## - PHYSICAL DESCRIPTION | |
| Pages | v, 434 p. |
| 942 ## - ADDED ENTRY ELEMENTS (KOHA) | |
| Koha item type | Books |
| Withdrawn status | Lost status | Damaged status | Not for loan | Location (home branch) | Sublocation or collection (holding branch) | Date acquired | Koha issues (times borrowed) | Koha full call number | Accession No. | Koha date last seen | Koha item type |
|---|---|---|---|---|---|---|---|---|---|---|---|
| VIVEKANANDA LIBRARY | VIVEKANANDA LIBRARY | 23/01/2012 | 954.5 N582O | 298847 | 17/09/2023 | Books | |||||
| VIVEKANANDA LIBRARY | VIVEKANANDA LIBRARY | 23/01/2012 | 954.5 N582O | 309098 | 17/09/2023 | Books | |||||
| VIVEKANANDA LIBRARY | VIVEKANANDA LIBRARY | 23/01/2012 | 954.5 N582O | 309099 | 17/09/2023 | Books | |||||
| VIVEKANANDA LIBRARY | VIVEKANANDA LIBRARY | 23/01/2012 | 954.5 N582O | 333832 | 17/09/2023 | Books | |||||
| VIVEKANANDA LIBRARY | VIVEKANANDA LIBRARY | 23/01/2012 | 954.5 N582O | 333833 | 17/09/2023 | Books |
